[Event "San Francisco FIDE August"]
[Site "San Francisco"]
[Date "2001.08.15"]
[Round "5"]
[White "Morkunaite, Egle"]
[Black "Wang, Drake"]
[Result "1-0"]
[WhiteElo "2089"]
[BlackElo "2000"]
[PlyCount "93"]
[EventDate "2001.08.11"]
[EventType "tourn"]
[EventRounds "9"]
[EventCountry "USA"]
[SourceTitle "EXT 2007"]
[Source "ChessBase"]
[SourceDate "2006.11.23"]
[SourceVersion "1"]
[SourceVersionDate "2006.11.23"]
[SourceQuality "1"]

1. e4 e6 2. d4 d5 3. Nd2 Nf6 4. e5 Nfd7 5. Bd3 c5 6. c3 Nc6 7. Ne2 cxd4 8. cxd4 f6 9. exf6 Qxf6 10. Nf3 h6 11. Nf4 Bb4+ 12. Kf1 g5 13. Ng6 Rg8 14. Nge5 g4 15. Nxd7 Bxd7 16. Ne5 Nxe5 17. dxe5 Qh4 18. Bf4 0-0-0 19. Qb3 Ba5 20. a4 g3 21. Rc1+ Kb8 22. Ba6 b6 23. fxg3 Qg4 24. Qc2 Bc8 25. Qc7+ Ka8 26. Qc6+ Kb8 27. Be2 Qg7 28. Kf2 Rdf8 29. Rhd1 Rxf4+ 30. Bf3 Rff8 31. Qd6+ Kb7 32. b4 Bxb4 33. Qxb4 Qxe5 34. a5 Rf7 35. axb6 axb6 36. Rb1 Qc7 37. Rdc1 Qd8 38. Ra1 Bd7 39. Qa3 Qa8 40. Qd3 Ba4 41. Kg1 Rg5 42. Qc4 b5 43. Qc6+ Ka7 44. Rxa4+ bxa4 45. Qxa4+ Kb8 46. Qe8+ Kb7 47. Rb1+ 1-0

[Event "San Francisco FIDE August"]
[Site "San Francisco"]
[Date "2001.08.12"]
[Round "2"]
[White "Setzepfandt, Alexander"]
[Black "Morkunaite, Egle"]
[Result "0-1"]
[WhiteElo "2000"]
[BlackElo "2089"]
[PlyCount "78"]
[EventDate "2001.08.11"]
[EventType "tourn"]
[EventRounds "9"]
[EventCountry "USA"]
[SourceTitle "EXT 2007"]
[Source "ChessBase"]
[SourceDate "2006.11.23"]
[SourceVersion "1"]
[SourceVersionDate "2006.11.23"]
[SourceQuality "1"]

1. e4 c5 2. Nf3 Nc6 3. d4 cxd4 4. Nxd4 Nf6 5. Nc3 d6 6. Bg5 e6 7. Be2 Be7 8. Qd2 0-0 9. 0-0 d5 10. exd5 Nxd5 11. Bxe7 Ndxe7 12. Nb3 Qc7 13. Qg5 a6 14. Ne4 Ng6 15. c3 f5 16. Ned2 Nf4 17. Bf3 Rf6 18. Kh1 e5 19. g3 h6 20. Qxf6 gxf6 21. gxf4 e4 22. Rg1+ Kh7 23. Bh5 Qxf4 24. Rg6 Ne5 25. Rxf6 Qh4 26. Rf8 Qxh5 27. Rg1 Ng4 28. Rg2 b6 29. Rd8 Qh4 30. Rf8 Nxf2+ 31. Kg1 Nh3+ 32. Kf1 Ng5 33. Re8 Qf4+ 34. Kg1 Ra7 35. Rxc8 e3 36. Rc4 exd2 37. Nxd2 Qe3+ 38. Kh1 Qe1+ 39. Rg1 Qxd2 0-1

[Event "San Francisco FIDE August"]
[Site "San Francisco"]
[Date "2001.08.11"]
[Round "1"]
[White "Morkunaite, Egle"]
[Black "Peckham, Monty"]
[Result "1-0"]
[WhiteElo "2089"]
[BlackElo "2000"]
[PlyCount "55"]
[EventDate "2001.08.11"]
[EventType "tourn"]
[EventRounds "9"]
[EventCountry "USA"]
[SourceTitle "EXT 2007"]
[Source "ChessBase"]
[SourceDate "2006.11.23"]
[SourceVersion "1"]
[SourceVersionDate "2006.11.23"]
[SourceQuality "1"]

1. e4 g6 2. d4 Bg7 3. Nc3 c6 4. Be3 d6 5. Qd2 Qc7 6. 0-0-0 Nd7 7. Bc4 b5 8. Bb3 a5 9. a4 b4 10. Nce2 Nb6 11. Nf4 Bg4 12. f3 Bd7 13. Ngh3 h6 14. e5 dxe5 15. dxe5 Qxe5 16. Nd3 Qc7 17. Bf4 Qc8 18. Ne5 Be6 19. Bxe6 Qxe6 20. Qd4 Nxa4 21. Rhe1 c5 22. Qe4 Rb8 23. Qd3 g5 24. Nc4 Nxb2 25. Nxb2 Bxb2+ 26. Kxb2 c4 27. Qd4 c3+ 28. Kb1 1-0

[Event "EU-ch (Women) 2nd"]
[Site "Warsaw"]
[Date "2001.05.03"]
[Round "11"]
[White "Khukhashvili, Sopiko"]
[Black "Morkunaite, Egle"]
[Result "1-0"]
[WhiteElo "2326"]
[BlackElo "2028"]
[PlyCount "85"]
[EventDate "2001.04.22"]
[EventType "swiss"]
[EventRounds "11"]
[EventCountry "POL"]
[SourceTitle "CBM 082 Extra"]
[Source "ChessBase"]
[SourceDate "2001.07.03"]
[SourceVersion "1"]
[SourceVersionDate "2001.07.03"]
[SourceQuality "1"]

1. e4 c5 2. Nf3 Nc6 3. Bb5 g6 4. Bxc6 bxc6 5. 0-0 Bg7 6. d4 cxd4 7. Nxd4 c5 8. Nf3 d6 9. h3 Bb7 10. Re1 Nf6 11. Nc3 0-0 12. Bf4 e5 13. Bh2 Bc6 14. Nd2 d5 15. Bxe5 d4 16. Ncb1 Re8 17. Bxf6 Qxf6 18. Na3 Re6 19. f3 h5 20. Nb3 Qe7 21. Qd2 Kh7 22. Qa5 Bf8 23. Rad1 Re8 24. c3 dxc3 25. Qxc3 Ba4 26. Rd5 Bxb3 27. Qxb3 Rb6 28. Qc2 Bg7 29. Nc4 Re6 30. Red1 Bd4+ 31. Kh1 Qf6 32. b4 Rc8 33. bxc5 Bxc5 34. Na5 Qe7 35. Rc1 Re5 36. Nb3 Rxd5 37. exd5 Qe5 38. Nxc5 Qxd5 39. Qc4 Qf5 40. Rc3 Qb1+ 41. Kh2 Qf5 42. Qd4 Qg5 43. f4 1-0

[Event "EU-ch (Women) 2nd"]
[Site "Warsaw"]
[Date "2001.05.02"]
[Round "10"]
[White "Morkunaite, Egle"]
[Black "Baklanova, Tatiana"]
[Result "1-0"]
[WhiteElo "2028"]
[BlackElo "2257"]
[PlyCount "129"]
[EventDate "2001.04.22"]
[EventType "swiss"]
[EventRounds "11"]
[EventCountry "POL"]
[SourceTitle "CBM 082 Extra"]
[Source "ChessBase"]
[SourceDate "2001.07.03"]
[SourceVersion "1"]
[SourceVersionDate "2001.07.03"]
[SourceQuality "1"]

1. e4 e6 2. d4 d5 3. Nd2 Nf6 4. e5 Nfd7 5. Bd3 c5 6. c3 Nc6 7. Ne2 cxd4 8. cxd4 f6 9. exf6 Nxf6 10. Nf3 Bd6 11. 0-0 Qc7 12. Bg5 0-0 13. Rc1 Ne4 14. Bxe4 dxe4 15. Nd2 Bxh2+ 16. Kh1 Qa5 17. Nxe4 Bc7 18. Rc5 Qxa2 19. Bc1 Qa6 20. Rh5 e5 21. Qb3+ Kh8 22. Ng5 Bf5 23. Nxh7 g6 24. Rh4 g5 25. Nxg5+ Kg7 26. Ne6+ Bxe6 27. Qxe6 Rh8 28. Bh6+ Rxh6 29. Rxh6 Ne7 30. Qxa6 bxa6 31. Rxa6 exd4 32. Ng3 Bb6 33. Re1 Nd5 34. Re5 Nb4 35. Ra4 Nd3 36. Re2 Rf8 37. Ne4 Re8 38. f3 Rh8+ 39. Kg1 Nf4 40. Rd2 d3+ 41. Nf2 Ne2+ 42. Rxe2 dxe2 43. Re4 Rb8 44. Rxe2 Bd4 45. Rd2 Be3 46. Rd7+ Kg6 47. Rd3 Bxf2+ 48. Kxf2 Rxb2+ 49. Kg3 Ra2 50. Kh3 Kg5 51. g3 a5 52. Rd5+ Kf6 53. Kg4 a4 54. f4 a3 55. Ra5 Ra1 56. Ra6+ Ke7 57. Kf5 a2 58. g4 Ke8 59. Ra7 Kd8 60. g5 Kc8 61. g6 Kb8 62. Ra3 Kc7 63. g7 Rg1 64. Rxa2 Kd6 65. Kf6 1-0

[Event "EU-ch (Women) 2nd"]
[Site "Warsaw"]
[Date "2001.04.30"]
[Round "8"]
[White "Bollengier, Andreea"]
[Black "Morkunaite, Egle"]
[Result "1/2-1/2"]
[WhiteElo "2240"]
[BlackElo "2028"]
[PlyCount "75"]
[EventDate "2001.04.22"]
[EventType "swiss"]
[EventRounds "11"]
[EventCountry "POL"]
[SourceTitle "CBM 082 Extra"]
[Source "ChessBase"]
[SourceDate "2001.07.03"]
[SourceVersion "1"]
[SourceVersionDate "2001.07.03"]
[SourceQuality "1"]

1. e4 c5 2. Nf3 Nc6 3. d4 cxd4 4. Nxd4 Nf6 5. Nc3 d6 6. f3 e5 7. Nb3 h6 8. Bc4 a6 9. a4 Qc7 10. Be3 Nb4 11. Nd2 d5 12. exd5 Bc5 13. Bxc5 Qxc5 14. Bb3 Nfxd5 15. Nxd5 Nxd5 16. Ne4 Qe3+ 17. Kf1 Qxe4 18. Qxd5 Qxd5 19. Bxd5 Bd7 20. Bxb7 Rb8 21. Bxa6 Rxb2 22. Bd3 0-0 23. Kf2 Ra8 24. Rhb1 Rxb1 25. Rxb1 Bxa4 26. Ra1 Bc6 27. Rxa8+ Bxa8 28. Ke3 Bd5 29. Be4 Be6 30. Bb7 f5 31. f4 e4 32. Kd4 Kf7 33. Ba6 Ke7 34. Ke5 Bd7 35. Be2 g6 36. h3 h5 37. g3 Ba4 38. c4 1/2-1/2

[Event "EU-ch (Women) 2nd"]
[Site "Warsaw"]
[Date "2001.04.23"]
[Round "2"]
[White "Morkunaite, Egle"]
[Black "Tetenkina, Irina"]
[Result "1/2-1/2"]
[WhiteElo "2028"]
[BlackElo "2221"]
[PlyCount "60"]
[EventDate "2001.04.22"]
[EventType "swiss"]
[EventRounds "11"]
[EventCountry "POL"]
[SourceTitle "CBM 082 Extra"]
[Source "ChessBase"]
[SourceDate "2001.07.03"]
[SourceVersion "1"]
[SourceVersionDate "2001.07.03"]
[SourceQuality "1"]

1. e4 e6 2. d4 d5 3. Nd2 dxe4 4. Nxe4 Nd7 5. Nf3 Ngf6 6. Nxf6+ Nxf6 7. Bd3 c5 8. 0-0 cxd4 9. Nxd4 Bc5 10. Nb3 Be7 11. Qf3 0-0 12. Bf4 Qd5 13. Qe2 Qh5 14. Rfd1 Qxe2 15. Bxe2 Bd7 16. Bf3 Rac8 17. Nd4 Nd5 18. Bxd5 exd5 19. c3 Bf6 20. Rd2 Rc4 21. Ne2 Re8 22. Be3 Rce4 23. h3 Bg5 24. Bxg5 Rxe2 25. Rad1 h6 26. Be3 Rxd2 27. Rxd2 Bc6 28. Bxa7 Ra8 29. Bc5 Rxa2 30. Kh2 Kh7 1/2-1/2

[Event "Keres Memorial op"]
[Site "Tallinn"]
[Date "2000.08.18"]
[Round "5"]
[White "Piarnpuu, Leili"]
[Black "Morkunaite, Egle"]
[Result "1-0"]
[WhiteElo "2227"]
[BlackElo "2023"]
[PlyCount "63"]
[EventDate "2000.08.14"]
[EventType "swiss"]
[EventRounds "9"]
[EventCountry "EST"]
[SourceTitle "CBM 077 Extra"]
[Source "ChessBase"]
[SourceDate "2000.09.14"]
[SourceVersion "1"]
[SourceVersionDate "2000.09.14"]
[SourceQuality "1"]

1. Nf3 Nf6 2. c4 g6 3. g3 Bg7 4. Bg2 0-0 5. d4 d6 6. 0-0 c5 7. d5 e5 8. Nc3 a6 9. a4 Nbd7 10. e4 Ne8 11. Bd2 f5 12. Qc1 Nef6 13. Ng5 Nb6 14. b3 h6 15. Ne6 Bxe6 16. dxe6 f4 17. gxf4 exf4 18. Bxf4 Nxe4 19. Nxe4 Bxa1 20. Bxd6 Bf6 21. Bxf8 Qxf8 22. Nxf6+ Qxf6 23. Qxh6 Qxe6 24. a5 Nxc4 25. bxc4 Qxc4 26. Qxg6+ Kh8 27. Qh5+ Kg7 28. Qg5+ Kh8 29. Qe5+ Kh7 30. Be4+ Kh6 31. Qf6+ Kh5 32. Bf3+ 1-0

[Event "EU-ch U18 Girls"]
[Site "Litohoto"]
[Date "1999.09.09"]
[Round "7"]
[White "Morkunaite, Egle"]
[Black "Jakubiec, Edyta"]
[Result "0-1"]
[WhiteElo "2066"]
[BlackElo "2145"]
[PlyCount "96"]
[EventDate "1999.09.03"]
[EventType "swiss"]
[EventRounds "9"]
[EventCountry "GRE"]
[SourceTitle "CBM 072 Extra"]
[Source "ChessBase"]
[SourceDate "1999.11.18"]
[SourceVersion "1"]
[SourceVersionDate "1999.11.18"]
[SourceQuality "1"]

1. e4 c5 2. Nf3 d6 3. d4 cxd4 4. Nxd4 Nf6 5. Nc3 a6 6. Be3 e6 7. f4 Qc7 8. Qf3 b5 9. Bd3 Bb7 10. g4 b4 11. Nce2 Be7 12. Ng3 Nc6 13. 0-0 0-0 14. g5 Nd7 15. Qg4 Rfe8 16. g6 hxg6 17. Nxe6 Qc8 18. Ng5 Bxg5 19. Qxg5 Qd8 20. Qd5 Nf6 21. Qb3 Ng4 22. Bf2 Qh4 23. Kg2 Qxh2+ 24. Kf3 Nxf2 25. Ne2 Nxd3 26. cxd3 Qxe2+ 27. Kxe2 Nd4+ 28. Kd2 Nxb3+ 29. axb3 Rac8 30. Ra4 Red8 31. Rxb4 Bc6 32. f5 g5 33. f6 Bb5 34. Rd4 Rc5 35. Rf2 Kf8 36. Rf1 gxf6 37. Rxf6 Ke7 38. Rh6 f6 39. Rh7+ Ke6 40. Rg7 Rd7 41. Rg8 d5 42. Re8+ Kf7 43. Re5 fxe5 44. Rxd5 Rdxd5 45. exd5 Ke7 46. Ke3 Kd6 47. Ke4 g4 48. d4 exd4 0-1

[Event "Wch U18 Girls"]
[Site "Oropesa del Mar"]
[Date "1998.11.07"]
[Round "11"]
[White "Morkunaite, Egle"]
[Black "Paehtz, Elisabeth"]
[Result "0-1"]
[WhiteElo "2065"]
[BlackElo "2230"]
[PlyCount "48"]
[EventDate "1998.10.25"]
[EventType "swiss"]
[EventRounds "11"]
[EventCountry "ESP"]
[SourceTitle "CBM 067 Extra"]
[Source "ChessBase"]
[SourceDate "1999.01.01"]
[SourceVersion "1"]
[SourceVersionDate "1999.01.01"]
[SourceQuality "1"]

1. e4 c5 2. Nf3 d6 3. d4 cxd4 4. Nxd4 Nf6 5. Nc3 a6 6. Bd3 e5 7. Nb3 Be7 8. h3 Be6 9. f4 exf4 10. Bxf4 Nc6 11. Qe2 Ne5 12. 0-0-0 Qc7 13. Nd4 Rc8 14. Nf5 Bxf5 15. exf5 Qa5 16. Rhe1 0-0 17. Kb1 b5 18. g4 Rxc3 19. Bxe5 dxe5 20. g5 Ra3 21. Qxe5 Rxa2 22. c3 Qa4 23. Kc1 Rxb2 24. Kxb2 Ba3+ 0-1

[Event "Wch U18 Girls"]
[Site "Oropesa del Mar"]
[Date "1998.10.27"]
[Round "3"]
[White "Morkunaite, Egle"]
[Black "Pina Vega, Sulennis"]
[Result "0-1"]
[WhiteElo "2065"]
[BlackElo "2185"]
[PlyCount "102"]
[EventDate "1998.10.25"]
[EventType "swiss"]
[EventRounds "11"]
[EventCountry "ESP"]
[SourceTitle "CBM 067 Extra"]
[Source "ChessBase"]
[SourceDate "1999.01.01"]
[SourceVersion "1"]
[SourceVersionDate "1999.01.01"]
[SourceQuality "1"]

1. e4 c5 2. Nf3 d6 3. d4 cxd4 4. Nxd4 Nf6 5. Nc3 Nc6 6. Bg5 e6 7. Qd2 a6 8. 0-0-0 h6 9. Bf4 Bd7 10. Bg3 b5 11. Nxc6 Bxc6 12. Bxd6 Bxd6 13. Qxd6 Qxd6 14. Rxd6 Bb7 15. f3 Ke7 16. Rd1 Rhc8 17. Be2 Nd7 18. Rd4 Bc6 19. a4 Nc5 20. Kb1 Rab8 21. b4 e5 22. Nd5+ Kf8 23. Rd2 Nxa4 24. Ka2 Rd8 25. Kb3 Nb6 26. Rhd1 Bxd5+ 27. exd5 Rbc8 28. Bf1 Rd6 29. g3 Ke7 30. Re1 Kf6 31. Ra1 Nc4 32. Rf2 Ke7 33. f4 e4 34. Re1 f5 35. g4 g6 36. gxf5 gxf5 37. Bh3 Rxd5 38. Rxe4+ fxe4 39. Bxc8 e3 40. Re2 Rd6 41. f5 Kf6 42. Be6 Rd2 43. Re1 Ke5 44. Kc3 Ke4 45. f6 Rf2 46. f7 Nd6 47. Bd5+ Kxd5 48. Rxe3 Rxf7 49. Rd3+ Ke5 50. Re3+ Ne4+ 51. Kb3 Rf3 0-1

[Event "EU-ch U18 Girls"]
[Site "Mureck"]
[Date "1998.??.??"]
[Round "7"]
[White "Morkunaite, Egle"]
[Black "Budolina, Sofia"]
[Result "1-0"]
[WhiteElo "2065"]
[BlackElo "2040"]
[PlyCount "65"]
[EventDate "1998.07.08"]
[EventType "swiss"]
[EventRounds "9"]
[EventCountry "AUT"]
[SourceTitle "CBM 065 Extra"]
[Source "ChessBase"]
[SourceDate "1998.09.09"]
[SourceVersion "1"]
[SourceVersionDate "1998.09.09"]
[SourceQuality "1"]

1. e4 c5 2. Nf3 e6 3. d4 cxd4 4. Nxd4 Nf6 5. Nc3 d6 6. Bd3 Be7 7. 0-0 0-0 8. Nb3 Nc6 9. f4 a6 10. Qf3 b5 11. e5 Nd5 12. Nxd5 exd5 13. Qxd5 Qb6+ 14. Kh1 Nb4 15. Bxh7+ Kh8 16. Qd2 dxe5 17. Be4 Bb7 18. Qe2 Bxe4 19. Qxe4 f5 20. Qxe5 Bd6 21. Qe2 Rae8 22. Qd1 Re6 23. c3 Nc6 24. Bd2 a5 25. Qh5+ Rh6 26. Qf3 a4 27. Be3 Qd8 28. Nd4 Nxd4 29. Bxd4 Qh4 30. h3 Rg6 31. Kh2 Rg4 32. g3 Qh6 33. Rae1 1-0

[Event "EU-ch U16 Girls"]
[Site "Tallinn"]
[Date "1997.??.??"]
[Round "7"]
[White "Morkunaite, Egle"]
[Black "Decsey, Katalin"]
[Result "1/2-1/2"]
[WhiteElo "2015"]
[BlackElo "2195"]
[PlyCount "66"]
[EventDate "1997.??.??"]
[EventType "swiss"]
[EventRounds "9"]
[EventCountry "EST"]
[SourceTitle "EXT 1998"]
[Source "ChessBase"]
[SourceDate "1997.11.17"]
[SourceVersion "1"]
[SourceVersionDate "1997.11.17"]
[SourceQuality "1"]

1. e4 c5 2. Nf3 d6 3. d4 cxd4 4. Nxd4 Nf6 5. Nc3 Nc6 6. Bg5 e6 7. Qd2 a6 8. 0-0-0 Bd7 9. f4 Qb6 10. Nf3 Ng4 11. Bh4 Qc7 12. h3 Nh6 13. g4 b5 14. f5 f6 15. g5 Ng8 16. Bg2 0-0-0 17. Bg3 exf5 18. Bxd6 Bxd6 19. Qxd6 Qxd6 20. Rxd6 b4 21. Nd5 fxe4 22. gxf6 exf3 23. fxg7 fxg2 24. Rd1 Nge7 25. gxh8Q Rxh8 26. Nb6+ Kc7 27. Rxd7+ Kxb6 28. Rg1 Rg8 29. Rd2 Rg3 30. Rd3 Rg6 31. Rd2 Rg3 32. Rd3 Rg6 33. Rd2 Rg3 1/2-1/2

[Event "Moravia-ch op (Women)"]
[Site "Moravia"]
[Date "1996.??.??"]
[Round "?"]
[White "Morkunaite, Egle"]
[Black "Grechanovskaya, Elena"]
[Result "0-1"]
[WhiteElo "2015"]
[BlackElo "2135"]
[PlyCount "143"]
[EventDate "1996.??.??"]
[EventType "swiss"]
[EventRounds "9"]
[EventCountry "CZE"]
[SourceTitle "EXT 1998"]
[Source "ChessBase"]
[SourceDate "1997.11.17"]
[SourceVersion "1"]
[SourceVersionDate "1997.11.17"]
[SourceQuality "1"]

1. e4 d6 2. d4 Nf6 3. Nc3 e5 4. Bg5 Be7 5. Nge2 Nbd7 6. Qd2 0-0 7. 0-0-0 c6 8. Ng3 h6 9. Be3 Ng4 10. Nf5 Nxe3 11. Nxe7+ Qxe7 12. fxe3 Nf6 13. Re1 b5 14. Bd3 b4 15. Na4 c5 16. Bc4 Nxe4 17. Qe2 Nf6 18. dxc5 dxc5 19. Bb5 Be6 20. b3 e4 21. h3 Nd5 22. Qh5 Rfc8 23. Bc4 Nb6 24. Bxe6 Qxe6 25. Nb2 c4 26. Kb1 cxb3 27. cxb3 Nd5 28. Nc4 Nc3+ 29. Kb2 a5 30. Qe5 Qc6 31. a3 Re8 32. Qf5 Nd5 33. a4 Nb6 34. Rc1 Nxc4+ 35. Rxc4 Qd6 36. Rd4 Qc6 37. Qf4 f6 38. Rhd1 Qe6 39. Rd6 Qe5+ 40. Qxe5 Rxe5 41. R1d5 Rae8 42. g4 R8e7 43. Rb5 Rxb5 44. axb5 Rb7 45. Re6 Rxb5 46. Rxe4 Kh8 47. Rc4 Re5 48. e4 h5 49. Rc2 Rxe4 50. gxh5 Kh7 51. Rc5 Re5 52. Rc2 Rxh5 53. Rh2 Rh4 54. Kc2 g5 55. Rf2 Kg6 56. Rf3 f5 57. Rd3 Kf6 58. Kd2 Ke5 59. Ke2 g4 60. hxg4 Rh2+ 61. Kf1 fxg4 62. Rd8 Rb2 63. Ra8 Ra2 64. Rb8 g3 65. Kg1 Ra3 66. Re8+ Kd4 67. Rd8+ Kc3 68. Rg8 Kxb3 69. Rxg3+ Kb2 70. Rg2+ Ka1 71. Rg5 a4 72. Kf2 0-1